[Event "FIDE-Wch k.o."]
[Site "Moscow"]
[Date "2001.12.02"]
[Round "3.2"]
[White "Georgiev, Kiril"]
[Black "Ponomariov, Ruslan"]
[Result "0-1"]
[WhiteElo "2686"]
[BlackElo "2684"]
[Annotator "Kostakiev,D"]
[PlyCount "80"]
[EventDate "2001.11.27"]
[EventType "k.o."]
[EventRounds "7"]
[EventCountry "RUS"]
[SourceTitle "CBM 086"]
[Source "ChessBase"]
[SourceDate "2002.02.05"]
[SourceVersion "1"]
[SourceVersionDate "2002.02.05"]
[SourceQuality "1"]

1. e4 e5 2. Nf3 Nc6 3. Bb5 a6 4. Ba4 Nf6 5. O-O Be7 6. Re1 b5 7. Bb3 d6 8. c3
O-O 9. h3 Nb8 10. d4 Nbd7 11. Nbd2 Bb7 12. Bc2 Re8 (12... c5 {Gligoric's main
continuation.} 13. d5 $1 {Karpov,An-Gligoric,S/Leningrad izt/1973/1-0/63/ (25)
Karpov's move.} (13. a4 {Minic,D-Gligoric,S/Ljubljana/Portoroz/1973/ (19)}) (
13. b3 {Kavalek,L-Gligoric,S/Nica olm/1974/1-0/40/ (25)}) (13. Nf1 {Tal,
M-Gligoric,S/Hastings/1973/1/2-1/2/25/ (24)})) 13. Nf1 Bf8 14. Ng3 g6 {1956 -
Kozma.Boom - 2001; Most of the games are draw. Won games: White - 51%, Black-
49%.} 15. a4 {Other lines:} ({I nthe initial game it was:} 15. Bg5 h6 16. Be3 (
16. Bd2 $5 {[/\ Re1Xe4]} Bg7 17. Qc1 (17. a4 {1/2-1/2 Karpov,A-Kortschnoj,V/
Leningrad 1971/EXT 2001 (55)}) 17... Kh7 18. h4 d5 {1-0 Spassky,B-Berrios
Pagan,A/San Juan 1969/EXT 99 (36)}) 16... Bg7 17. Qd2 Kh7 18. d5 Qe7 19. Rad1
Bf8 {1/2-1/2 Ivanco,I-Kozma,J/Bratislava 1956/EXT 98 (23)}) (15. b3 $5) (15.
Bb3 Bg7 16. a4 c5 17. d5 c4 18. Bc2 $11 {1-0 Stein,L-Averbakh,Y/Leningrad 1963/
URS-ch (87)}) 15... c5 (15... Bg7 {1-0 Karpov,A-O'Kelly de Galway,A/Caracas
1970/MCD (41)}) (15... c6 {1-0 Geller,E-Nikolic,S/Pancevo 1987/TD (47)}) 16. d5
c4 17. Bg5 h6 18. Be3 Nc5 19. Qd2 h5 20. Bg5 Be7 21. Ra3 Nfd7 22. Be3 (22. Bxe7
Qxe7 23. Rea1 {1/2-1/2 Tatai,S-Dorfman,J/Budapest 1988/CBM 09 (36)}) 22... Bf6
23. Rea1 Nb6 $146 (23... Qc7 24. Qe2 Nb6 {0-1 Martin Gonzalez,A-Giorgadze,G/
Benasque 1999/EXT 2001 (67)}) 24. axb5 axb5 25. Rxa8 Bxa8 26. Ra5 (26. Ra7 $5)
26... h4 27. Nf1 (27. Bxc5 dxc5 28. Ne2 Nxd5 29. Rxb5 (29. exd5 $2 Qxa5) 29...
Nb6 30. Qxd8 Bxd8 31. Rxc5 Bf6 32. Rb5) 27... Nxd5 28. Rxa8 Qxa8 {[#]} 29. Bxc5
$6 (29. exd5 $1 Nd3 (29... Qa1 30. Bxc5 (30. Ng5 Bh8) 30... dxc5) 30. Bxd3 cxd3
31. Bg5 Bxg5 32. Qxg5 $16) 29... dxc5 30. exd5 {[#] NN / RP} e4 31. N3h2 Bg7 (
31... Qa1) (31... Qd8) 32. d6 (32. Qg5 b4 $1 (32... Re5 33. Qxh4 Qxd5 34. Ng4 (
34. Ne3 $14) 34... Re6 $14) 33. d6 Qc6 34. Qd2 $14 (34. Qf4 f5 35. Ne3 Be5 36.
Qxh4 b3 37. Bb1 Bxh2+ 38. Kxh2 Qxd6+ 39. g3 $11)) (32. Ng4 Qb8 33. d6 Rd8 (
33... f5) 34. Nh6+ Kf8) 32... Qc6 {[#]} 33. Qf4 $2 (33. d7 Rd8 34. Qf4 f5 35.
f3 exf3 36. Nxf3 $14) (33. f3 exf3 34. Nxf3 Rd8 35. Qg5 Qxd6 36. Qxh4 Re8 37.
Qf2 $14) 33... f5 $11 34. f3 e3 35. Nxe3 Be5 {[#]} 36. Qh6 $2 (36. Qg5 Bxh2+ $1
(36... Qxd6 $2 37. Nhf1 Qf6 38. Qh6 $16 Kf7 39. Qh7+) 37. Kxh2 Qxd6+ 38. Kg1
Qg3 39. Qh6 $11) 36... Qxd6 $17 37. Nhf1 Bf4 38. Nxf5 gxf5 39. Qh5 $2 (39. Qxh4
$17) 39... Re1 $19 40. g3 Be3+ 0-1

[Event "EU-ch 20th"]
[Site "Skopje"]
[Date "2019.03.25"]
[Round "7"]
[White "Ter Sahakyan, Samvel"]
[Black "Kovalev, Vladislav"]
[Result "1-0"]
[WhiteElo "2590"]
[BlackElo "2703"]
[Annotator "Krasenkow,M"]
[PlyCount "71"]
[EventDate "2019.03.18"]
[EventType "swiss"]
[EventRounds "11"]
[EventCountry "MKD"]
[Tiebreak "Sum of Buchholz"]
[SourceTitle "CBM 189"]
[Source "ChessBase"]
[SourceDate "2019.04.29"]
[SourceVersion "1"]
[SourceVersionDate "2019.04.29"]
[SourceQuality "1"]

{[%evp 0,71,16,28,52,10,5,4,13,8,0,0,16,-10,6,7,17,-24,-25,-14,14,1,-6,2,-9,-4,
27,29,38,36,81,73,48,57,51,47,70,55,90,27,19,17,19,41,72,73,82,180,200,200,231,
159,182,189,196,212,231,223,239,229,254,285,357,388,402,435,439,652,711,765,
784,852,976,993]} 1. e4 e5 2. Nf3 Nc6 3. Bb5 a6 4. Ba4 Nf6 5. O-O Be7 6. Re1 b5
7. Bb3 d6 8. c3 O-O 9. h3 Nb8 10. d4 Nbd7 11. Nbd2 c5 12. Bc2 (12. Nf1 {
is the main line here.}) 12... Re8 {Black prepares ...Be7-f8 and provokes
d4-d5.} (12... cxd4 13. cxd4 Bb7 {is another popular option.}) 13. b3 (13. Nf1
{leads to a position, more often arising from the 12.Nf1 line.}) (13. d5 {
lead to a complicated positional fight in the following game:} Qc7 14. b3 g6
15. a4 Rb8 16. Nf1 Bf8 17. Ng3 Bg7 18. Be3 bxa4 19. Rxa4 Nb6 20. Ra2 a5 21. Bd3
Bd7 22. c4 Ra8 23. Qc2 a4 24. Rea1 axb3 25. Qxb3 Reb8 $13 {1/2 (47) Asadli,V 
(2478)-Sanal,V (2515) Ankara 2018}) (13. a4 Rb8 14. axb5 axb5 15. b4 cxb4 16.
cxb4 exd4 17. Nxd4 Ne5 $11 18. f4 $6 {1/2 (31) Yagupov,I (2394)-Balashov,Y 
(2434) Tula 2018} Qb6 19. N2b3 Nc4 $36) 13... exd4 (13... Bf8 14. Bb2 Qc7 15.
dxe5 dxe5 16. c4 Bb7 17. Qe2 b4 18. Nf1 Nb8 19. Ne3 Nc6 20. Nd5 Qd8 $11 {
1/2 (31) Almasi,Z (2700)-Efimenko,Z (2647) Germany 2015}) (13... cxd4 14. cxd4
exd4 {is the most principled reply:} 15. Nxd4 Bb7 16. Bb2 Bf8 17. Nf5 g6 18.
Ng3 h5 19. Nf3 Ne5 20. a4 b4 21. a5 Rc8 22. Bd3 Nxd3 23. Qxd3 Bg7 24. Bd4 d5
25. e5 Ne4 $13 {1/2 (35) Asadli,V (2471)-Aleksandrov,A (2599) Baku 2018}) 14.
cxd4 Bf8 (14... cxd4 {is possible here, too.}) 15. a4 (15. d5 g6 {leads to a
Benoni structure where Black has already played ...b7-b5 and should be OK.})
15... Bb7 16. axb5 (16. d5 {looks more senseful here, "killing" Black's b7
bishop.}) 16... axb5 17. Rxa8 Bxa8 18. Bb2 (18. d5 $5) 18... g6 $2 (18... cxd4
$5 19. Nxd4 b4 $132 {[%cal Yd6d5]}) 19. e5 $1 {Black understimated this break.
White activates all his bishops and knights and gets a strong attack.} dxe5 20.
dxe5 Nd5 21. Ne4 {[%mdl 128]} Qb6 $6 {A careless move.} (21... Bc6 $142 {
but Black can hardly survive anyway.}) 22. Neg5 $1 {[%cal Rg5f7] Threatening
23.Nxf7! Kxf7 24.e6+!, which is not easy to prevent!} Qc6 (22... f5 {was the
lesser evil, to which White could continue his attack by means of} 23. g4 ({or
} 23. Nh4 {, threatening a piece sacrifice on f5.})) 23. e6 $1 fxe6 24. Nxh7 $1
{[%mdl 64]} Bg7 (24... Kxh7 25. Ng5+ Kg8 (25... Kh6 26. Nf7+ Kh7 27. Qh5+) 26.
Qh5 $1 gxh5 27. Bh7#) 25. Bxg6 Re7 26. Bxg7 Rxg7 27. Be4 $18 {White has won a
pawn and continues his attack. The rest is easy.} Qd6 (27... Rxh7 28. Bxh7+
Kxh7 29. Rxe6 $1 $18) 28. Nhg5 Nf8 29. h4 Bb7 30. Ne5 Qe7 31. Qf3 Nb4 32. Ng4
Bxe4 33. Nf6+ Kh8 34. Rxe4 Rg6 35. Rf4 Nd3 36. Nd5 $1 1-0

[Event "Horgen-B"]
[Site "Horgen"]
[Date "1995.??.??"]
[Round "5"]
[White "Almasi, Zoltan"]
[Black "Gabriel, Christian"]
[Result "1/2-1/2"]
[WhiteElo "2630"]
[BlackElo "2475"]
[Annotator "Leko,P"]
[PlyCount "53"]
[EventDate "1995.10.??"]
[EventType "tourn"]
[EventRounds "9"]
[EventCountry "SUI"]
[EventCategory "11"]
[SourceTitle "CBM 050"]
[Source "ChessBase"]
[SourceDate "1996.02.01"]
[SourceVersion "1"]
[SourceVersionDate "1996.02.01"]
[SourceQuality "1"]

1. e4 {Ernst Gabriel} e5 2. Nf3 Nc6 3. Bb5 a6 4. Ba4 Nf6 5. O-O Be7 6. Re1 b5
7. Bb3 d6 8. c3 O-O 9. h3 Nb8 10. d4 Nbd7 11. Nbd2 Bb7 12. Bc2 Re8 13. a4 Bf8
14. Bd3 c6 15. Qc2 g6 16. b3 Rc8 (16... Qc7 {Wedberg} 17. Bb2 Bg7 18. c4 bxa4
19. c5 exd4 20. cxd6 Qxd6 21. Bxd4 Qb8 22. Rxa4 c5 23. Bb2 $14 {Almasi,
Z-Yemelin,V/Bratislava WchJM U18/1993}) 17. Bb2 Bg7 (17... Nh5 18. Bf1 Nf4 19.
g3 Ne6 20. h4 Qb6 21. Bh3 Rcd8 22. Rad1 Bg7 23. Nf1 Ndf8 24. axb5 axb5 25. Ne3
h5 26. Bf1 exd4 27. cxd4 Nc7 28. Rc1 Na6 29. Ng2 Nb4 30. Qd2 c5 31. d5 {
1-0 Huebner,R-Smejkal,J/BL 8889 (1989) ;BL 80 1989 (40)}) 18. Rad1 (18. c4 exd4
19. Bxd4 Nh5 20. Bxg7 Nxg7 $10 {Adams,M-Motvani,P/London/1990/}) (18. Bf1 Nh5
19. c4 exd4 20. Nxd4 b4 21. Rad1 c5 22. Ne2 Ne5 23. f4 Nd3 24. Qxd3 Bxb2 25. g4
Ng7 26. Qc2 Bf6 27. g5 Bxg5 $6 28. fxg5 Qxg5+ 29. Bg2 Nf5 30. Qd3 $1 Ne3 31.
Ng3 Nxd1 32. Rxd1 $14 {1-0 Leko,P-Wells,P/Budapest FS03 GM (03) ;CBM 37 1993 
(54)}) 18... Qc7 (18... Qb6 19. Qb1 Nh5 {/Spassky,B-Smejkal,J/Salonika/1984/1/
2-1/2/}) (18... Nh5 $142 $1 {Ernst}) 19. b4 (19. Qb1 Nh5 20. Bf1 Nf4 21. g3 Ne6
22. b4 bxa4 23. Qa2 Nb6 24. Nc4 Nxc4 25. Bxc4 d5 26. Bd3 dxe4 27. Bxe4 exd4 28.
cxd4 a5 29. Qxa4 axb4 30. Qxb4 Rb8 {1/2-1/2 Lutz,C-Gabriel,C/Dresden op ;EXT
95op 1995}) 19... Nb6 (19... Qb8 20. axb5 axb5 21. dxe5 $1 Nxe5 22. Nxe5 Rxe5
$2 23. c4 $1 {1-0 Leko,P-Van der Sterren,P/Wijk op (06) ;CBM 46 1995 (36)}) 20.
a5 Na4 (20... Nbd7 21. dxe5 Nxe5 22. Nxe5 dxe5 23. c4 $14 (23. c4 {Wedberg} Qe7
24. Qb3 Red8 25. Nf3 Ne8 26. c5 Rc7 27. Bb1 Rxd1 28. Rxd1 Bc8 29. Qc3 f6 $10 {
Khalifman,A-Van der Sterren,P/Ter Apel/1995})) 21. dxe5 (21. Ba1 c5 22. bxc5
dxc5 23. dxe5 $16 Nd7 {=/+/-/+ Gabriel}) 21... dxe5 22. c4 Nxb2 23. Qxb2 Qe7
24. c5 Rcd8 25. Bc2 Bc8 26. Nf1 Nh5 27. Ng3 1/2-1/2

[Event "Hoogovens op"]
[Site "Wijk aan Zee"]
[Date "1995.01.??"]
[Round "6"]
[White "Leko, Peter"]
[Black "Van der Sterren, Paul"]
[Result "1-0"]
[WhiteElo "2555"]
[BlackElo "2560"]
[Annotator "Leko,P"]
[PlyCount "71"]
[EventDate "1995.01.??"]
[EventType "swiss"]
[EventRounds "12"]
[EventCountry "NED"]
[SourceTitle "CBM 046"]
[Source "ChessBase"]
[SourceDate "1995.06.01"]
[SourceVersion "1"]
[SourceVersionDate "1995.06.01"]
[SourceQuality "1"]

1. e4 {Ernst Wedberg} e5 2. Nf3 Nc6 3. Bb5 a6 4. Ba4 Nf6 5. O-O Be7 6. Re1 b5
7. Bb3 d6 8. c3 O-O 9. h3 Nb8 10. d4 Nbd7 11. Nbd2 Bb7 12. Bc2 Re8 13. a4 Bf8
14. Bd3 c6 15. b3 g6 16. Qc2 Rc8 (16... Qc7 {Wedberg} 17. Bb2 Bg7 18. c4 bxa4
19. c5 exd4 20. cxd6 Qxd6 21. Bxd4 Qb8 22. Rxa4 c5 23. Bb2 $14 {Almasi,
Z-Emelin,V/Bratislava WchJM U18/1993}) 17. Bb2 Bg7 18. Rad1 (18. Bf1 {Ernst}) (
18. c4 {Ernst} exd4 19. Bxd4 Nh5 20. Bxg7 Nxg7 $10 {Adams,M-Motvani,P/London/
1990/}) 18... Qc7 (18... Qb6 {Ernst} 19. Qb1 Nh5 {/Spassky,B-Smejkal,J/
Salonika/1984/1/4/}) (18... Nh5 $142 $1 {Ernst}) 19. b4 $1 $146 (19. Qb1 {
[56/  ]}) 19... Qb8 (19... Nb6 $5 20. a5 Nbd7 (20... Na4 $6 21. Ba1 c5 22. bxc5
dxc5 23. dxe5 $16) 21. dxe5 Nxe5 22. Nxe5 dxe5 23. c4 $14 (23. c4 {Wedberg} Qe7
24. Qb3 Red8 25. Nf3 Ne8 26. c5 Rc7 27. Bb1 Rxd1 28. Rxd1 Bc8 29. Qc3 f6 $10 {
Khalifman,A-Van der Sterren,P/Ter Apel/1995})) 20. axb5 axb5 (20... cxb5 $6 21.
d5 $1 Nb6 22. Qb3 (22. c4 $2 bxc4 23. Nxc4 Nxc4 24. Bxc4 Qc7 25. Nd2 Bh6 $13)
22... Bh6 23. c4 bxc4 24. Nxc4 Nxc4 25. Bxc4 $14) 21. dxe5 $1 Nxe5 (21... dxe5
22. c4 bxc4 23. Bxc4 $1 (23. Nxc4 Bf8 $1 $10 (23... Ba6 $2 24. Nd6 $1 Qxd6 25.
Bxa6 Qxb4 26. Bxc8 Rxc8 27. Nxe5 $18)) 23... h6 24. Qb3 Re7 $14) 22. Nxe5 Rxe5
$2 (22... dxe5 23. c4 bxc4 24. Bxc4 $1 (24. Nxc4 Bf8 $10) 24... Qc7 25. Nf3 $14
) 23. c4 $1 bxc4 $6 (23... Re6 24. cxb5 (24. c5 $5 dxc5 25. bxc5 Nd7 26. Bxg7
Kxg7 27. Nb3 $16) 24... cxb5 25. Qb3 Bc6 $14) 24. Nxc4 Re6 {*} 25. e5 $1 $16
Ne8 $8 (25... Nd5 26. exd6 (26. Nxd6 $5) 26... Rxe1+ 27. Rxe1 Nxb4 28. Qd2 Nxd3
29. Bxg7 $1 (29. Qxd3 Bxb2 30. Nxb2 Rd8 31. Rd1 Ba6 $1 32. Qxa6 Qxb2 33. Qxc6
Qf6 $14) 29... Kxg7 (29... Nxe1 30. Bf6 $1 $18) 30. Qxd3 Ba6 31. Qd4+ $16) (
25... dxe5 $2 26. Bxe5 Qa7 27. Ra1 $18 (27. Nd6 {Wedberg} Rd8 (27... Rf8 28.
Bc4 Re7 29. Bxf6 Bxf6 30. Rxe7 Bxe7 31. Nxf7 Rxf7 32. Rd7 $18) 28. Bc4 Nd5 29.
Bxg7 Rxe1+ 30. Rxe1 Kxg7 31. Bxd5 cxd5 32. Qc7 $18)) 26. exd6 Rxe1+ (26... Nxd6
{Wedberg} 27. Rxe6 fxe6 28. Nxd6 Qxd6 29. Bxg6 $18) 27. Rxe1 Nxd6 (27... Bxb2
$2 28. d7 $1 $18) 28. Bxg7 Kxg7 29. Qb2+ $1 (29. Qc3+ Kg8 30. Ne5 Re8 31. Rd1
Nb5 $1) 29... Kg8 30. Ne5 $1 Re8 31. Rd1 Re6 (31... Bc8 32. Nxc6 Qb6 33. b5 $18
) 32. Nd7 $1 (32. Ng4 Qf8 33. Nf6+ Kh8 $13) 32... Qd8 33. Nc5 Re7 (33... Qf6
34. Qd2 Re7 35. Bxg6 Qxg6 (35... hxg6 36. Qxd6 Re1+ 37. Kh2 Qxd6+ 38. Rxd6 $18)
36. Qxd6 Re1+ 37. Kh2 Rxd1 38. Qxd1 $18) 34. Qd4 $18 Qf8 $2 (34... Qc7 35. Bxg6
$1 fxg6 36. Qxd6 Qxd6 37. Rxd6 Rc7 38. f4 $18) 35. Qxd6 Re1+ 36. Bf1 1-0

[Event "Geneva FIDE GP"]
[Site "Geneva"]
[Date "2017.07.14"]
[Round "8"]
[White "Grischuk, Alexander"]
[Black "Mamedyarov, Shakhriyar"]
[Result "1/2-1/2"]
[WhiteElo "2761"]
[BlackElo "2800"]
[Annotator "Lenderman,A"]
[PlyCount "117"]
[EventDate "2017.07.06"]
[EventType "swiss"]
[EventRounds "9"]
[EventCountry "SUI"]
[SourceTitle "CBM 180"]
[Source "ChessBase"]
[SourceDate "2017.09.13"]
[SourceVersion "1"]
[SourceVersionDate "2017.09.13"]
[SourceQuality "1"]

{Today there were many very interesting games, but in the end I chose the draw
between Grischuk and Mamedyarov on one of the top boards, since not only it
was very critical for the standings, but also it was truly a great battle
between two fighting players.} 1. e4 e5 2. Nf3 Nc6 3. Bb5 a6 4. Ba4 Nf6 5. O-O
Be7 6. Re1 b5 7. Bb3 d6 {Mamedyarov decides not to threaten playing the
Marshall with 0-0 and commits to a slower Ruy Lopez.} (7... O-O 8. c3 (8. a4 {
White can also play the popular slower line a4.}) 8... d5 {would be the
Marshall Gambit, the top guest at the top level, especially by Levon Aronian,
Magnus Carlsen, and Peter Svidler.}) 8. c3 ({Sometimes on} 8. a4 {Black has
the option of} Bd7 {right away.} (8... Bg4 {or this})) 8... O-O 9. h3 Nb8 {
The other popular line, the Breyer, which is very solid for Black and avoids
very concrete lines.} 10. d4 Nbd7 11. Nbd2 Bb7 12. Bc2 Re8 13. Nf1 Bf8 14. Ng3
g6 15. a4 (15. b3 $5 {This is also an alternative in this still very
theoretical position, and interestingly enough, this move was featured by the
exact same players back in 2006.} d5 (15... Bg7 {Of course Black doesn't have
to play the concrete ...d5 move, and can play the solid move ...Bg7.}) 16. Bg5
$1 h6 17. Bh4 $1 g5 18. Nxg5 hxg5 19. Bxg5 exd4 $1 20. e5 $1 Rxe5 21. Rxe5 Nxe5
22. cxd4 Nc6 $1 23. Qd3 $1 {1/2 (34) Grischuk,A (2710)-Mamedyarov,S (2728)
Moscow 2006 CBM 116 [Lukacs/ Hazai]. Here White has a very strong attack, but
in the end this battle in 2006 ended also as a draw.} (23. Nh5 $1 {is still
the main line, but the consequences are unclear.})) 15... c6 (15... c5 $5 {
was played by Kamsky against Grischuk} 16. d5 c4 17. Bg5 h6 18. Be3 Nc5 19. Qd2
h5 {0-1 (101) Grischuk,A (2748)-Kamsky,G (2720) Nalchik 2009 CBM 130 [Marin,M].
And after a complex battle White ended up actually losing, but his opening
seems decent enough here.}) 16. Bg5 h6 17. Be3 Qc7 18. Bd3 {Grischuk is the
first one to deviate, both from his own game against Mamedyarov, and in
general from Mamedyarov's previous opponents.} (18. Qd2 {is an interesting
alternative, played by Navara, also against Mamedyarov.} Kh7 19. Bb3 exd4 (
19... Re7 $5) 20. cxd4 Nxe4 21. Nxe4 Rxe4 22. Bxh6 $2 {This was a basque game,
so that explains this blunder.} (22. Bxf7 $16) 22... Bxh6 23. Ng5+ Bxg5 24.
Qxg5 Qd8 $19 {Though after futher adventures White actually won this game.} 25.
Qg3 Rxe1+ 26. Rxe1 d5 27. Qd6 Nf8 28. Qe7 Qd7 29. Qh4+ Kg7 30. Re7 Qd8 31. Qg5
Bc8 32. Rxf7+ {1-0 (32) Navara,D (2734)-Mamedyarov,S (2747) Huai'an CHN 2016})
18... Bg7 19. Qc1 Kh7 20. b4 $146 {The logical and consistent approach and
according to my database this is a novelty. The other game I saw White didn't
play very logically and let Black get control of the centre and quickly
control of the game.} (20. b3 Rac8 21. Ra2 Re7 22. Nh2 $6 d5 $15 {0-1 (42)
Muller,A (2095)-Donaldson Akhmilovskaya,E (2410) Elista 1998. Black got
control and won the game later.}) 20... Rac8 (20... Rad8 {might be an
alternative but in general I think these kinds of positions are easier to play
for White than Black.}) 21. Qd2 exd4 $5 {Black decides to change the course of
the action and tries to create counterplay.} 22. cxd4 Nb6 23. axb5 {Not the
engine's top choice, but a logical idea trying to either get d4-d5 and the
d4-square for one of his pieces, or opening the a-file.} (23. Bf4 $1 {Komodo
prefers this.} Nxa4 $2 (23... bxa4 24. e5 {leads to similar problems as after
23...Nxa4.}) (23... Qd7 {To try to defend against e5.} 24. a5 Nc4 25. Qa2 Re6
26. Rad1 $16 {seems very difficult for Black, but maybe it's not so trivial to
break through right away.}) 24. e5 {Is just bad for Black.} dxe5 (24... Nd5 25.
exd6 Qd7 26. Nh5 $18 {Here also White has a decisive attack. Black's pieces
are misplaced and not defending the king.}) 25. Nxe5 $18 {White is crashing
through here.}) 23... cxb5 (23... axb5 24. Bf4 $16 {seems inferior for Black.})
24. d5 Nfd7 (24... Nc4 $5 25. Bxc4 bxc4 $1 {might've been a better way for
Black to create counterplay.} 26. Bd4 c3 27. Qc2 (27. Qf4 Qe7) 27... Qc4) 25.
Bd4 Ne5 (25... Qd8 {would also be a solid alternative where White is better
thanks to the space and more active pieces but Black still has some
counterplay on the c-file.}) 26. Nxe5 dxe5 27. Rac1 Qd6 28. Bc5 Qf6 29. Nf1 Nd7
30. Rc2 Rc7 31. Qe3 Rec8 32. Nd2 Qf4 33. d6 $6 {Up to here Grischuk played
brilliantly, but here maybe he got a bit materialistic and carried away with
the tempting option. However, this move looks like it spoils his advantage.} (
33. Nb3 {seems to offer very good winning chances for White.} Qxe3 (33... Bf8
34. Rec1 Qxe3 35. fxe3) 34. fxe3 Bf8 35. Rec1 Kg8 36. d6 Nxc5 $8 (36... Rc6 37.
Na5 $18) 37. bxc5 (37. Nxc5 $5 Bxd6 38. Nxb7 Rxc2 39. Rxc2 Rxc2 40. Bxc2 Bxb4
41. Nd8 $16 {looks like very good winning chances for White.}) 37... Rd7 38. g4
$16 {with long lasting pressure. Black is in for a very unpleasant defence.})
33... Nxc5 $1 {Could it be that Grischuk missed this?} (33... Rc6 34. Nb3 $16 {
was maybe what Grischuk expected in likely mutual time pressure.}) 34. dxc7
Qxe3 35. Rxe3 Ne6 $1 {The only move but sufficient. Maybe this was the move
Grischuk missed from afar.} 36. Nb3 (36. Nf3 {might've been a better
unconventional try, to at least not let Black play ...Bf8 very quickly.} f6 37.
Re1 Bf8 38. Rb1 {and at least White is in time to defend the key b4-pawn.})
36... Bf8 37. Be2 (37. Na5 $5 Ba8 38. Nc6 {was also a very interesting
practical try, since here Black actually has to find a very difficult computer
move to hold the balance.} Kg7 $3 {The point of this move is to improve the
king position and wait to see what White does. If he takes the e5-pawn, then
he wants to be able to take the b4-pawn without the f7-pawn hanging. This
would hold the balance.} (38... f6 $2 {is very natural but it actually loses
for Black.} 39. Nd8 $3 Nxd8 (39... Nxc7 40. Ne6 Bd6 41. Be2 $18 {is also
easily winning for White.} Bb7 42. Nxc7 Rxc7 43. Rxc7+ Bxc7 44. Rd3 Bc6 45. Rc3
$18) (39... Nd4 40. Ra2 Rxc7 41. Rxa6 $18 {is a more prosaic win.}) 40. cxd8=Q
Rxd8 41. Rc7+ $18 {White is winning here since he has penetratedBlack's
position. White will win some pawns and Black's pieces are very passive.} Kg8
42. Bc2 $1 Bxb4 43. Rd3 $1 $18) (38... Bd6 39. Nb8 $1 Bb7 (39... Nd4 40. Ra2)
40. Nxa6 $1 Bxa6 41. Rc6 Bxb4 42. Rxa6 Bc5 43. Re1 {with some winning chances
for White and no risk.} Nd4 44. Kf1 Rxc7 45. Rb1 b4 46. Bc4 $14) (38... Bxc6
39. Rxc6 Bxb4 40. Rxa6 $14) (38... Rxc7 39. Nxe5) 39. Nxe5 (39. Re1 Rxc7 40.
Rec1 Rd7 {is also close to equal}) 39... Bxb4 $11) 37... Bxb4 38. Bg4 Rxc7 39.
Rxc7 Nxc7 40. Rd3 Ne8 $6 {The last move before time control, probably a bit
inaccurate, as it makes the draw slightly more difficult.} (40... h5 $1 41. Rd7
hxg4 42. Rxf7+ Kh6 43. f3 $3 {would probably secure equality though.} (43. Rxc7
Bxe4 44. hxg4 Bd3 $1 {Here Black is the only one with winning chances.}) 43...
Bxe4 44. fxe4 Ne8 45. hxg4 Nd6 46. Rd7 Kg5 $11 {with a balanced endgame.}) 41.
Rd7 Nd6 42. f4 $1 {Last winning attempt for White.} Bc8 43. Rc7 (43. Ra7 $5 {
might've offered White slightly more practical chances:} Bxg4 44. hxg4 Bc3 (
44... Nxe4 45. fxe5 $16) (44... Kg8 45. fxe5 Nxe4 46. Rxa6) 45. fxe5 Bxe5 46.
Kf1 $1 (46. Rxa6 Nxe4 $11) 46... Kg7 47. Nd2 {might still offer White very
slight winning chances.}) 43... Bxg4 44. hxg4 Kg8 $1 {This resource wouldn't
be as effective after 43.Ra7.} 45. fxe5 Nxe4 46. Rc8+ Kg7 47. Ra8 Bc3 48. Kf1
Bxe5 {Now this is a simple draw for Black.} 49. Ke2 (49. Re8 $6 Kf6) 49... Kf6
50. Rxa6+ Kg5 51. Kf3 Nf6 52. Ra7 Nxg4 53. Rxf7 Bc3 54. Rb7 Ne5+ 55. Ke4 b4 56.
Nd4 Nc4 57. Kd3 Ne5+ 58. Ke4 Nc4 59. Kd3 {And a draw by 3-fold repetition. A
great battle by two great fighters. There were some inaccuracies in time
pressure but it's much easier for me sitting next to my Stockfish figuring
these details out than working these details out at the board under heavy time
pressure and in general with big stakes on the line.} 1/2-1/2